000
00280nam a22001217a 4500
040
_c
SK
082
_a
333
100
_a
BILIANA CICIN
245
_a
Integrated coastal and ocean management concepts and practices
260
_a
CALIFORNAI
_b
BIL
_c
1998
300
_a
517p.
942
_c
EK
999
_c
8908
_d
8908